| 000 | 006630000a22001810004500 | ||
|---|---|---|---|
| 003 | MACL | ||
| 005 | 20160331152556.0 | ||
| 008 | 160331b xxu||||| |||| 00| 0 eng d | ||
| 040 |
_aMACL _cMACL |
||
| 041 | _aHindi | ||
| 082 | _a333 | ||
| 100 |
_aडॉ वीरेन्द्र सिंह यादव _948602 |
||
| 245 | _aइक्कीसवीं सदी का पर्यावरण आन्दोलन चिन्तन के विविध आयाम | ||
| 260 |
_aप्रतापगढ _bअनीता पुस्तक सदन _c2012 |
||
| 350 | _a795 | ||
| 650 |
_aEnvironment _949341 |
||
| 942 |
_cHIN _k333 _2ddc |
||
| 999 |
_c47553 _d47553 |
||